00810nam a2200241 i 4500001000300000003000400003005001700007008004100024020002100065040000800086100001700094245006200111250001700173260004600190300003400236490003100270500002000301504003700321650004700358710003400405830003100439856009800470bgBPK20191129112817.0990101s1994 uk a f 001 0 eng d a0194370658 (pbk) cBPK1 aStern, H. H.10aFundamental concepts of language teaching /cH. H. Stern. a[8th impr.]. aOxford :bOxford University Press,c1994. a[10], 582 s. :bil. ;c24 cm.1 aOxford applied linguistics a1st publ. 1983. aBibliography s. 523-567. Indeks. 9aLanguage and languagesxStudy and teaching2 aOxford University Press4pbl. aOxford applied linguistics uhttp://koha.tu.koszalin.pl/cgi-bin/koha/opac-detail.pl?biblionumber=47999yKatalog online BPK